[Event "JUG-ch"]
[Site "Zagreb"]
[Date "1977.??.??"]
[Round "11"]
[White "Rogulj, Branko"]
[Black "Nemet, Ivan"]
[Result "1-0"]
[WhiteElo "2410"]
[BlackElo "2455"]
[PlyCount "45"]
[EventDate "1977.02.??"]
[Source "ChessBase"]

1. e4 c5 2. Nf3 d6 3. d4 cxd4 4. Nxd4 Nf6 5. Nc3 a6 6. Bg5 Nbd7 7. f4 Qb6 8. Qd2 Qxb2 9. Rb1 Qa3 10. Bxf6 gxf6 11. Nd5 Rb8 12. Rb3 Qa4 13. Rb4 Qa5 14. f5 Ne5 15. Bxa6 h5 16. Bb5+ Bd7 17. Bxd7+ Nxd7 18. Nc6 Bh6 19. Nxa5 Bxd2+ 20. Kxd2 Rg8 21. g3 e6 22. Nf4 Nc5 23. Nxh5 1-0

[Event "Sparkassen op-A"]
[Site "Dortmund"]
[Date "2000.07.16"]
[Round "10"]
[White "Kummerow, Heiko"]
[Black "Zagrebelny, Sergey"]
[Result "0-1"]
[WhiteElo "2314"]
[BlackElo "2536"]
[PlyCount "62"]
[EventDate "2000.07.07"]
[Source "www.chesslib.no"]
[SourceDate "2004.05.04"]

1. e4 c5 2. Nf3 d6 3. d4 cxd4 4. Nxd4 Nf6 5. Nc3 a6 6. Bg5 Nbd7 7. Bc4 Qa5 8. Qd2 Nc5 9. a3 Qc7 10. Bxf6 gxf6 11. Nd5 Qd8 12. O-O-O e6 13. Nc3 Bd7 14. Rhe1 Rc8 15. Nf5 Na4 16. Nxa4 Bxa4 17. b3 d5 18. exd5 Rxc4 19. d6 Rc5 20. bxa4 Kd7 21. Qb4 Qc8 22. Nd4 Rg8 23. Qb3 Rc3 24. Qb6 Rxg2 25. Nxe6 fxe6 26. Rxe6 Rxc2+ 27. Kb1 Rgxf2 28. Re7+ Bxe7 29. dxe7+ Kxe7 30. Qd6+ Ke8 31. Re1+ Rce2 0-1

[Event "Petroff mem op"]
[Site "St Petersburg"]
[Date "2000.02.09"]
[Round "3"]
[White "Kokarev, Dmitry"]
[Black "Kupreichik, Viktor D"]
[Result "1-0"]
[WhiteElo "2370"]
[BlackElo "2480"]
[PlyCount "139"]
[EventDate "2000.02.05"]
[Source "www.chesslib.no"]
[SourceDate "2004.05.04"]

1. e4 c5 2. Nf3 d6 3. d4 cxd4 4. Nxd4 Nf6 5. Nc3 a6 6. Bg5 Bd7 7. Bxf6 gxf6 8. Qh5 e6 9. Bc4 Qc8 10. Qe2 Qc5 11. Nb3 Qa7 12. O-O Nc6 13. Rad1 b5 14. Bd3 b4 15. Nb1 a5 16. a4 bxa3 17. Nxa3 a4 18. Nd2 Be7 19. Bb5 Qc5 20. Ndc4 Ne5 21. Bxd7+ Kxd7 22. Ne3 Rhb8 23. c3 Rb3 24. Kh1 Rab8 25. Rd2 Ke8 26. Nd1 Nd7 27. Rd4 Qc6 28. Qh5 Nf8 29. Kg1 Qa6 30. Re1 Rc8 31. Qh6 Bd8 32. Qd2 Rc6 33. Nc2 Rcb6 34. Nb4 Qb7 35. Rxd6 Rxd6 36. Qxd6 Be7 37. Qc6+ Qxc6 38. Nxc6 a3 39. bxa3 Bxa3 40. Nd4 Rb1 41. Kf1 Nd7 42. Ne3 Rb8 43. Nc4 Bc5 44. Rc1 Ne5 45. Nd2 Nd3 46. Rc2 e5 47. N4b3 Bxf2 48. Ke2 Rd8 49. Nc1 Nxc1+ 50. Rxc1 Ba7 51. Ra1 Rd7 52. Ra6 Ke7 53. Nf3 Rb7 54. Nh4 Rb2+ 55. Kd3 Bb6 56. Nf5+ Kd7 57. g3 Kc6 58. h4 Kb7 59. Ra1 Rf2 60. Rd1 Kc7 61. Kc4 Re2 62. Rd6 Rxe4+ 63. Kd5 Re1 64. Rxf6 e4 65. Rxf7+ Kb8 66. Kc6 e3 67. Rb7+ Ka8 68. Rxb6 e2 69. Nd4 h5 70. Kc7 1-0

[Event "BL2-S 9495"]
[Site "GER"]
[Date "1995.??.??"]
[Round "?"]
[White "Gazik, Igor"]
[Black "Tompa, Janos"]
[Result "1/2-1/2"]
[WhiteElo "2400"]
[BlackElo "2450"]
[PlyCount "83"]
[EventDate "1994.??.??"]
[Source "www.chesslib.no"]
[SourceDate "2004.05.04"]

1. e4 c5 2. Nf3 d6 3. d4 cxd4 4. Nxd4 Nf6 5. Nc3 a6 6. Bg5 Nbd7 7. f4 Qc7 8. Qf3 b5 9. O-O-O Bb7 10. Bd3 g6 11. Nd5 Nxd5 12. exd5 Nb6 13. Rhe1 O-O-O 14. Nc6 Bxc6 15. dxc6 h6 16. Bh4 Rg8 17. Be4 d5 18. Bxd5 Nxd5 19. Rxd5 Rxd5 20. Qxd5 e6 21. Rxe6 fxe6 22. Qxe6+ Kb8 23. Qxg8 Qxf4+ 24. Kd1 Qg4+ 25. Kd2 Qxg2+ 26. Ke3 Qg1+ 27. Bf2 Qg5+ 28. Ke2 Qe5+ 29. Kf1 Qf6 30. Qd5 Bd6 31. Kg2 Kc7 32. c3 Qe5 33. Qxe5 Bxe5 34. Bg3 Bd6 35. Bxd6+ Kxd6 36. Kf3 Kxc6 37. Ke4 Kd6 38. b3 Ke6 39. Kd4 Kd6 40. Ke4 Ke6 41. Kd4 Kd6 42. Ke4 1/2-1/2

[Event "Amsterdam m1"]
[Site "?"]
[Date "2005.07.21"]
[Round "6"]
[White "Holzke Frank"]
[Black "Bezemer Arno"]
[Result "1-0"]
[WhiteElo "2478"]
[BlackElo "2364"]
[PlyCount "57"]
[EventDate "2005.??.??"]
[Source "www.chesslib.no"]
[SourceDate "2004.05.04"]

1. e4 c5 2. Nf3 d6 3. d4 cxd4 4. Nxd4 Nf6 5. Nc3 a6 6. Bg5 Nbd7 7. Bc4 g6 8. Qd2 Bg7 9. Bh6 Bxh6 10. Qxh6 Qc7 11. Bb3 Nc5 12. O-O Ncxe4 13. Rfe1 Nxc3 14. Qg7 Rf8 15. Qxf6 Nb5 16. Ba4 e6 17. Bxb5+ axb5 18. Nxb5 Qc5 19. c4 Bd7 20. b4 Qb6 21. Rad1 Bxb5 22. Rxe6+ fxe6 23. Qxe6+ Kd8 24. Rxd6+ Qxd6 25. Qxd6+ Ke8 26. Qe6+ Kd8 27. cxb5 Re8 28. Qd5+ Kc7 29. b6+ 1-0

[Event "Sofia"]
[Site "?"]
[Date "1979.??.??"]
[Round "5"]
[White "Georgiev Krum"]
[Black "Djukic Zeljko"]
[Result "1/2-1/2"]
[WhiteElo "2440"]
[BlackElo "2400"]
[PlyCount "84"]
[EventDate "1979.??.??"]
[Source "www.chesslib.no"]
[SourceDate "2004.05.04"]

1. e4 c5 2. Nf3 d6 3. d4 cxd4 4. Nxd4 Nf6 5. Nc3 a6 6. Bg5 Nbd7 7. Bc4 Qa5 8. Qd2 e6 9. O-O h6 10. Bh4 g5 11. Bg3 Ne5 12. Bb3 Nh5 13. Ba4+ b5 14. Ndxb5 axb5 15. Bxb5+ Ke7 16. Rad1 Qc7 17. Be2 Nxg3 18. hxg3 Ba6 19. a4 g4 20. Bxa6 Rxa6 21. Nb5 Qb8 22. b3 Bg7 23. Qb4 Rd8 24. Rd2 Kf8 25. Rfd1 Kg8 26. c4 Bf8 27. Qc3 Rc8 28. Qe3 Qb6 29. Qf4 Qc5 30. Kh2 Kg7 31. Rd4 Be7 32. Qd2 Nc6 33. Rd3 Qh5+ 34. Kg1 Ne5 35. Nxd6 Rd8 36. Nf5+ exf5 37. Rxd8 Bxd8 38. Qxd8 fxe4 39. Qd5 Qf5 40. Re1 Re6 41. Rxe4 Qg5 42. Re3 Qe7 1/2-1/2

[Event "Ljubljana"]
[Site "Ljubljana"]
[Date "1981.??.??"]
[Round "13"]
[White "Wittmann, Walter"]
[Black "Danner, Georg"]
[Result "0-1"]
[WhiteElo "2425"]
[BlackElo "2410"]
[PlyCount "76"]
[EventDate "1981.12.??"]
[Source "ChessBase"]

1. e4 c5 2. Nf3 d6 3. d4 cxd4 4. Nxd4 Nf6 5. Nc3 a6 6. Bg5 Nbd7 7. Bc4 Qa5 8. Qd2 e6 9. O-O-O b5 10. Bb3 Bb7 11. Rhe1 O-O-O 12. a3 Be7 13. Kb1 Kb8 14. f4 Nc5 15. Ba2 b4 16. axb4 Qxb4 17. f5 Nfxe4 18. Rxe4 Nxe4 19. Nxe4 Qxd2 20. Rxd2 f6 21. Nxe6 Bxe4 22. Nxd8 Rxd8 23. Re2 d5 24. Bf4+ Bd6 25. Bxd6+ Rxd6 26. g4 Kc7 27. h3 g6 28. fxg6 hxg6 29. Kc1 f5 30. Kd2 Rb6 31. Kc3 Kd6 32. gxf5 gxf5 33. Kd4 Rxb2 34. Bb3 Rb1 35. Rd2 a5 36. Ke3 Ke5 37. Rh2 f4+ 38. Kd2 f3 0-1

[Event "Istanbul ol (Men)"]
[Site "Istanbul"]
[Date "2000.11.01"]
[Round "5"]
[White "Cueto, Johny"]
[Black "Danner, Georg"]
[Result "0-1"]
[WhiteElo "2389"]
[BlackElo "2437"]
[PlyCount "96"]
[EventDate "2000.10.??"]
[Source "www.chesslib.no"]
[SourceDate "2004.05.04"]

1. e4 c5 2. Nf3 d6 3. d4 Nf6 4. Nc3 cxd4 5. Nxd4 a6 6. Bg5 Nbd7 7. f4 Qc7 8. Qf3 h6 9. Bh4 g6 10. O-O-O Bg7 11. g4 e5 12. Nde2 b5 13. f5 Bb7 14. Bxf6 Nxf6 15. Ng3 Rc8 16. Bd3 g5 17. Kb1 Qa5 18. Nh5 Nxh5 19. gxh5 Bf6 20. Be2 Qc7 21. Rd2 b4 22. Nd5 Bxd5 23. exd5 Qb6 24. Qd3 Ra8 25. Bf3 Kd7 26. Re2 Rhc8 27. Re4 a5 28. Be2 Rc5 29. Rc4 Rac8 30. Rxc5 Rxc5 31. Rd1 Qc7 32. Qb3 Ke7 33. Qa4 Kf8 34. Qb3 e4 35. Re1 Kg7 36. Bf1 Qe7 37. Bg2 Qe5 38. Bxe4 Qxh2 39. Bd3 Qxh5 40. a4 Qh4 41. Re4 Qh1+ 42. Ka2 Qc1 43. Re8 Rc3 44. bxc3 Bxc3 45. Qxc3+ bxc3 46. Rb8 g4 47. Rb3 g3 48. f6+ Kxf6 0-1

[Event "BL2-Ost 0203"]
[Site "?"]
[Date "2003.01.13"]
[Round "4.1"]
[White "Ginsburg Gennadij"]
[Black "Paehtz Elisabeth"]
[Result "1-0"]
[WhiteElo "2476"]
[BlackElo "2349"]
[PlyCount "103"]
[EventDate "2003.??.??"]
[Source "www.chesslib.no"]
[SourceDate "2004.05.04"]

1. e4 c5 2. Nf3 d6 3. d4 cxd4 4. Nxd4 Nf6 5. Nc3 a6 6. Bg5 Nbd7 7. Bc4 Qa5 8. Qd2 e6 9. O-O-O b5 10. Bd5 b4 11. Bxa8 bxc3 12. Qxc3 Qxg5+ 13. Kb1 Qc5 14. Qxc5 Nxc5 15. Rhe1 e5 16. Nb3 Nb7 17. f3 Be7 18. Bxb7 Bxb7 19. Na5 Bc8 20. Nc4 O-O 21. Nxd6 Be6 22. Rd3 Rb8 23. Red1 g6 24. c4 Nd7 25. Rb3 Rxb3 26. axb3 a5 27. Nb7 Bb4 28. Nd8 Nc5 29. Nc6 Nxb3 30. Nxb4 axb4 31. Rd8+ Kg7 32. Rb8 Bxc4 33. Rxb4 Be6 34. Kc2 Nd4+ 35. Kd3 g5 36. Rb8 Bd7 37. Kc4 Be6+ 38. Kc5 Bb3 39. Kd6 f6 40. Rb6 Kf7 41. Rb7+ Kg6 42. Ke7 h5 43. Rb6 g4 44. fxg4 hxg4 45. Rxf6+ Kg5 46. Rf2 g3 47. hxg3 Kg4 48. Kd6 Kxg3 49. Rf6 Kxg2 50. Kxe5 Nf3+ 51. Kf4 Nd4 52. e5 1-0

[Event "WJun, Athens GRE"]
[Site "?"]
[Date "2001.??.??"]
[Round "4"]
[White "Venkatesh, M."]
[Black "Korobov, A."]
[Result "0-1"]
[WhiteElo "2355"]
[BlackElo "2470"]
[PlyCount "54"]
[EventDate "2001.??.??"]
[Source "www.chesslib.no"]
[SourceDate "2004.05.04"]

1. e4 c5 2. Nf3 d6 3. d4 cxd4 4. Nxd4 Nf6 5. Nc3 a6 6. Bg5 Nbd7 7. Bc4 g6 8. Qe2 Bg7 9. O-O-O O-O 10. f4 Qc7 11. Nf3 b5 12. Bd5 b4 13. Bxa8 bxc3 14. e5 cxb2+ 15. Kb1 Nb6 16. Bxf6 exf6 17. exd6 Qc5 18. Qe4 Bf5 19. Qc6 Bxc2+ 20. Kxb2 Bxd1 21. Rxd1 Qb4+ 22. Kc1 f5 23. Ne5 Qxf4+ 24. Kc2 Qxe5 25. Qxb6 Rc8+ 26. Bc6 Qe4+ 27. Kb3 Rxc6 0-1

[Event "Petrov mem"]
[Site "St Petersburg"]
[Date "1998.??.??"]
[Round "8"]
[White "Feoktistov, Alexey A"]
[Black "Savon, Vladimir A"]
[Result "1/2-1/2"]
[WhiteElo "2395"]
[BlackElo "2425"]
[PlyCount "105"]
[EventDate "1998.??.??"]
[Source "www.chesslib.no"]
[SourceDate "2004.05.04"]

1. e4 c5 2. Nf3 d6 3. d4 cxd4 4. Nxd4 Nf6 5. Nc3 a6 6. Bg5 Nbd7 7. Be2 g6 8. O-O Bg7 9. Kh1 Nc5 10. Bf3 O-O 11. Nd5 e6 12. Nxf6+ Bxf6 13. Bxf6 Qxf6 14. c4 Rd8 15. Rc1 a5 16. b3 Bd7 17. Qd2 h5 18. Rfe1 Kg7 19. Rcd1 e5 20. Ne2 Bc6 21. Qe3 Qe7 22. Rd2 Ne6 23. Red1 Qc7 24. Kg1 Qe7 25. g3 Nc5 26. h4 Ne6 27. Kg2 Nc5 28. Kh2 Ne6 29. Bg2 Nc5 30. Nc3 Ne6 31. Bh3 Nd4 32. Ne2 Nxe2 33. Qxe2 Qc7 34. Qe3 Be8 35. Qc3 Qc5 36. Kg1 Bc6 37. Bg2 b5 38. Qf3 bxc4 39. Rc2 a4 40. Rxc4 Qb6 41. Qc3 Bd7 42. Rb4 Qc5 43. Rc4 Qb6 44. Rb4 Qc5 45. Rc4 Qb6 46. bxa4 Rxa4 47. Rxa4 Bxa4 48. Rd2 Bd7 49. Kh2 Ra8 50. f4 Rc8 51. Qa3 Bg4 52. Qxd6 Qxd6 53. Rxd6 1/2-1/2

[Event "Goodricke 10th op"]
[Site "Calcutta"]
[Date "1999.02.09"]
[Round "4"]
[White "Singh, Gurpreetpal"]
[Black "Zagrebelny, Sergey"]
[Result "0-1"]
[WhiteElo "2310"]
[BlackElo "2505"]
[PlyCount "102"]
[EventDate "1999.02.06"]
[Source "ChessBase"]
[SourceDate "1999.05.10"]

1. e4 c5 2. Nf3 d6 3. d4 cxd4 4. Nxd4 Nf6 5. Nc3 a6 6. Bg5 Nbd7 7. Bc4 e6 8. Qe2 b5 9. Bxe6 fxe6 10. Nxe6 Qa5 11. Bd2 Bb7 12. Nd5 Qa4 13. Nc3 Qc4 14. Qxc4 bxc4 15. Nc7+ Kf7 16. Nxa8 Bxa8 17. f3 Be7 18. O-O-O h6 19. Bf4 Ne5 20. Rhf1 g5 21. Be3 Re8 22. h4 gxh4 23. Bxh6 Rg8 24. Rd2 Nh5 25. Be3 Ke8 26. Rff2 h3 27. gxh3 Rg3 28. Rd1 Nxf3 29. Nd5 Bxd5 30. Rxd5 Ne5 31. Bh6 Rxh3 32. Rd1 Rh4 33. Re2 Ng3 34. Rg2 Nxe4 35. Be3 Kf7 36. Rf1+ Ke6 37. Kd1 d5 38. Rf4 Rh3 39. Bd4 Bf6 40. c3 Rh1+ 41. Bg1 Nd3 42. Rf1 a5 43. Kc2 a4 44. a3 Be5 45. Rg8 Bf4 46. Rd1 Bg3 47. Kb1 Kf7 48. Rg7+ Ke6 49. Ka2 Be5 50. Ra7 Bxc3 51. Ra6+ Kd7 0-1

[Event "SWE-ch"]
[Site "Boras"]
[Date "1979.??.??"]
[Round "?"]
[White "Wedberg, Tom"]
[Black "Hammar, Bengt"]
[Result "1/2-1/2"]
[WhiteElo "2425"]
[BlackElo "2385"]
[PlyCount "71"]
[EventDate "1979.07.01"]
[Source "ChessBase"]

1. e4 c5 2. Nf3 d6 3. d4 cxd4 4. Nxd4 Nf6 5. Nc3 a6 6. Bg5 Nbd7 7. Bc4 Qa5 8. Qd2 e6 9. O-O-O b5 10. Bb3 Bb7 11. Rhe1 Be7 12. f4 Nc5 13. Bxf6 Bxf6 14. e5 dxe5 15. fxe5 Be7 16. Bxe6 O-O 17. Nb3 Qb6 18. Bf5 Rad8 19. Qe2 b4 20. Nxc5 bxc3 21. Nb3 Kh8 22. e6 fxe6 23. Qxe6 cxb2+ 24. Kxb2 Bf6+ 25. Kb1 Rxd1+ 26. Rxd1 Qxe6 27. Bxe6 Bxg2 28. Bc4 Ra8 29. Rd6 a5 30. a4 Rd8 31. Re6 h5 32. Nxa5 Ra8 33. Nb3 Rxa4 34. Bd3 Ra8 35. Be4 Bxe4 36. Rxe4 1/2-1/2

[Event "XV op"]
[Site "Ljubjana"]
[Date "2004.07.14"]
[Round "7"]
[White "Bratovic, Blaz"]
[Black "Fercec, Nenad"]
[Result "0-1"]
[WhiteElo "2332"]
[BlackElo "2474"]
[PlyCount "83"]
[EventDate "2004.07.10"]
[Source "Roberto Alvarez"]
[SourceDate "2003.08.04"]

1. e4 c5 2. Nf3 d6 3. d4 cxd4 4. Nxd4 Nf6 5. Nc3 a6 6. Bg5 Nbd7 7. Bc4 Qa5 8. Qd2 e6 9. O-O h6 10. Bh4 g5 11. Bg3 Ne5 12. Be2 b5 13. b4 Qb6 14. a4 bxa4 15. Nxa4 Qc7 16. Bxe5 dxe5 17. Nb3 Bb7 18. Nac5 Bxc5 19. Nxc5 Nxe4 20. Nxe4 Bxe4 21. Rxa6 Bxg2 22. Kxg2 Rxa6 23. Bxa6 Qc6+ 24. f3 Qxa6 25. Re1 f6 26. c4 g4 27. Qd3 gxf3+ 28. Kxf3 Rg8 29. b5 Qa2 30. Re2 Qa1 31. Qe4 Kf8 32. b6 Qh1+ 33. Ke3 Qc1+ 34. Kf3 Qf1+ 35. Ke3 Qg1+ 36. Rf2 f5 37. Qa8+ Ke7 38. Qa7+ Kf6 39. b7 Qe1+ 40. Re2 f4+ 41. Kf3 Qh1+ 42. Kf2 0-1

[Event "World Cities"]
[Site "Jakarta "]
[Date "1997.??.??"]
[Round "3"]
[White "Wahono, Awam"]
[Black "Zagrebelny, Sergey"]
[Result "1-0"]
[WhiteElo "2330"]
[BlackElo "2475"]
[PlyCount "25"]
[EventDate "1997.07.08"]
[Source "www.chesslib.no"]
[SourceDate "2004.05.04"]

1. e4 c5 2. Nf3 d6 3. d4 cxd4 4. Nxd4 Nf6 5. Nc3 a6 6. Bg5 Nbd7 7. Bc4 e6 8. Qe2 b5 9. Bb3 Bb7 10. f3 Nc5 11. Rd1 Qc7 12. O-O Be7 13. Nd5 1-0

[Event "Manila"]
[Site "Manila PHI"]
[Date "1973.10.23"]
[Round "5"]
[White "Tatai, Stefano"]
[Black "Cardoso, Radolfo Tan"]
[Result "1-0"]
[WhiteElo "2430"]
[BlackElo "2375"]
[PlyCount "83"]
[EventDate "1973.10.??"]
[Source "www.chesslib.no"]
[SourceDate "2004.05.04"]

1. e4 c5 2. Nf3 d6 3. d4 cxd4 4. Nxd4 Nf6 5. Nc3 a6 6. Bg5 Nbd7 7. Bc4 Qc7 8. Bb3 e6 9. Qe2 Nc5 10. O-O-O Be7 11. Kb1 b5 12. a3 Nxb3 13. Nxb3 Rb8 14. Rd4 h6 15. Bd2 Nd7 16. f4 Bf6 17. Rd3 a5 18. e5 dxe5 19. Ne4 b4 20. axb4 axb4 21. Nd6+ Kf8 22. Nxc8 Qxc8 23. Rd1 Kg8 24. Bxb4 Rxb4 25. Rxd7 Rxf4 26. g3 Rc4 27. Qh5 g6 28. Qf3 Kg7 29. Qb7 Qxb7 30. Rxb7 Rd8 31. Re1 Rd6 32. c3 h5 33. Kc2 Rd5 34. Nd2 Rc8 35. Rf1 Rf8 36. Ne4 Bd8 37. b4 g5 38. Nc5 Kg8 39. c4 Rd4 40. Kc3 h4 41. Nd7 hxg3 42. hxg3 1-0

[Event "KNSB TCh-NED 2007-8"]
[Site "Netherlands NED"]
[Date "2007.12.15"]
[Round "5"]
[White "Van der Wiel, J."]
[Black "Piceu, T."]
[Result "1/2-1/2"]
[WhiteElo "2496"]
[BlackElo "2304"]
[PlyCount "47"]
[EventDate "2007.10.06"]
[Source "www.chesslib.no"]
[SourceDate "2004.05.04"]

1. e4 c5 2. Nf3 d6 3. d4 cxd4 4. Nxd4 Nf6 5. Nc3 a6 6. Bg5 Nbd7 7. Bc4 b5 8. Bb3 Bb7 9. Qe2 g6 10. O-O-O Bg7 11. f4 h6 12. Bh4 e5 13. Nf3 Qc7 14. fxe5 dxe5 15. Bxf6 Nxf6 16. Nd5 Nxd5 17. Bxd5 O-O 18. Bxb7 Qxb7 19. Rd5 Rac8 20. Rhd1 Rc4 21. Nd2 Rd4 22. Nb3 Rxd1+ 23. Qxd1 f5 24. Nc5 1/2-1/2

[Event "Premier"]
[Site "Hastings ENG"]
[Date "2008.01.04"]
[Round "8"]
[White "Hasan, Me"]
[Black "Bindrich, F."]
[Result "0-1"]
[WhiteElo "2287"]
[BlackElo "2512"]
[PlyCount "50"]
[EventDate "2007.12.28"]
[Source "www.chesslib.no"]
[SourceDate "2004.05.04"]

1. e4 c5 2. Nf3 d6 3. d4 cxd4 4. Nxd4 Nf6 5. Nc3 a6 6. Bg5 Nbd7 7. f4 b5 8. Qf3 Bb7 9. O-O-O Qa5 10. Kb1 Rc8 11. Nb3 Qc7 12. Bd3 e6 13. Rhe1 Be7 14. Nd4 Nc5 15. Rd2 b4 16. Nd5 exd5 17. Bxf6 Bxf6 18. e5 dxe5 19. fxe5 Bxe5 20. Qh5 Ne4 21. Bxe4 dxe4 22. Ne6 Qe7 23. Qxe5 fxe6 24. Rf1 Rf8 25. Rfd1 Bd5 0-1

[Event "Istanbul ol (Men)"]
[Site "Istanbul"]
[Date "2000.10.31"]
[Round "4"]
[White "Bertona, Fernando"]
[Black "Hoelzl, Franz"]
[Result "1-0"]
[WhiteElo "2405"]
[BlackElo "2394"]
[PlyCount "61"]
[EventDate "2000.10.??"]
[Source "www.chesslib.no"]
[SourceDate "2004.05.04"]

1. e4 c5 2. Nf3 d6 3. d4 cxd4 4. Nxd4 Nf6 5. Nc3 a6 6. Bg5 Nbd7 7. Bc4 Qb6 8. Bb3 e6 9. O-O Be7 10. Be3 Nc5 11. f4 O-O 12. e5 dxe5 13. fxe5 Nfd7 14. Nf3 Qc7 15. Bf4 b5 16. Qe1 b4 17. Ne4 Nxe4 18. Qxe4 Bb7 19. Qe1 a5 20. c3 a4 21. Bc2 a3 22. bxa3 bxc3 23. Qg3 Bxf3 24. Rxf3 Rxa3 25. Raf1 Qa7+ 26. Kh1 Qa5 27. Bb3 Bb4 28. Qg4 Qb6 29. Bh6 g6 30. Bxf8 Nxe5 31. Qxb4 1-0

[Event "Tula1"]
[Site "?"]
[Date "2001.??.??"]
[Round "3"]
[White "Igriashvili Zurab"]
[Black "Dvalishvili Pavel S"]
[Result "1/2-1/2"]
[WhiteElo "2400"]
[BlackElo "2398"]
[PlyCount "24"]
[EventDate "2001.??.??"]
[Source "www.chesslib.no"]
[SourceDate "2004.05.04"]

1. e4 c5 2. Nf3 d6 3. d4 cxd4 4. Nxd4 Nf6 5. Nc3 a6 6. Bg5 Nbd7 7. Qd2 b5 8. a3 e6 9. O-O-O Bb7 10. Bd3 Be7 11. f4 h6 12. Bxf6 Bxf6 1/2-1/2

[Event "Europa ch 2008"]
[Site "Plovdiv BUL"]
[Date "2008.04.23"]
[Round "3.110"]
[White "Mudelsee, Manfred"]
[Black "Bindrich, Falko"]
[Result "0-1"]
[WhiteElo "2284"]
[BlackElo "2513"]
[PlyCount "106"]
[EventDate "2008.04.21"]
[Source "www.chesslib.no"]
[SourceDate "2004.05.04"]

1. e4 c5 2. Nf3 d6 3. d4 cxd4 4. Nxd4 Nf6 5. Nc3 a6 6. Bg5 Nbd7 7. Qd2 b5 8. Bd3 Bb7 9. O-O e6 10. Rae1 Be7 11. Kh1 Qb6 12. Be3 Qc7 13. f4 Rc8 14. a3 Nb6 15. e5 Nfd5 16. exd6 Bxd6 17. Nf5 Nxe3 18. Rxe3 Bf8 19. Qe1 Qd7 20. Rg3 g6 21. Ne3 Be7 22. Ng4 f5 23. Ne5 Qd6 24. Rh3 Bf6 25. Qg3 Bxe5 26. fxe5 Qe7 27. Rd1 O-O 28. Qf2 Nd7 29. Re1 Rc5 30. Qd4 Qg7 31. Qd6 Rxe5 32. Rxe5 Qxe5 33. Qxe5 Nxe5 34. Re3 Nxd3 35. Rxd3 e5 36. Kg1 e4 37. Rd7 Rf7 38. Rd8+ Kg7 39. g3 g5 40. Re8 Rd7 41. Kf2 Kf7 42. Rh8 Rd2+ 43. Ne2 Kg7 44. Rb8 Rd7 45. Ke3 Rf7 46. b3 Kf6 47. c4 bxc4 48. bxc4 Ke5 49. Re8+ Kd6 50. Rg8 h6 51. Rg6+ Ke5 52. Nf4 Rf6 53. Rg7 Rb6 0-1

[Event "It (young masters)"]
[Site "Hengelo (Netherlands)"]
[Date "2007.08.11"]
[Round "9"]
[White "Brandenburg Daan (NED)"]
[Black "Van Oosterom Chiel (NED)"]
[Result "0-1"]
[WhiteElo "2433"]
[BlackElo "2358"]
[PlyCount "64"]
[EventDate "2007.??.??"]
[Source "www.chesslib.no"]
[SourceDate "2004.05.04"]

1. e4 c5 2. Nf3 d6 3. d4 cxd4 4. Nxd4 Nf6 5. Nc3 a6 6. Bg5 Nbd7 7. f4 b5 8. Bxf6 Nxf6 9. e5 b4 10. Ncb5 Ne4 11. Qf3 d5 12. c4 e6 13. cxd5 exd5 14. e6 Bc5 15. Bd3 O-O 16. Bxe4 dxe4 17. Qxe4 axb5 18. Nb3 Bxe6 19. Nxc5 Re8 20. O-O Bc4 21. Rfd1 Qb6 22. Qd4 Rad8 23. Qf2 Re2 24. Rxd8+ Qxd8 25. Qf3 Qd4+ 26. Kh1 Qxc5 27. b3 Qe7 28. Qa8+ Qf8 29. Qf3 Qe8 30. h3 Re3 31. Qb7 Bd3 32. Rd1 Rxh3+ 0-1

[Event "AUT Ch"]
[Site "Austria"]
[Date "1981.??.??"]
[Round "11"]
[White "Wittmann, Walter"]
[Black "Danner, Georg"]
[Result "1/2-1/2"]
[WhiteElo "2380"]
[BlackElo "2410"]
[PlyCount "45"]
[EventDate "1981.??.??"]
[Source "www.chesslib.no"]
[SourceDate "2004.05.04"]

1. e4 c5 2. Nf3 d6 3. d4 cxd4 4. Nxd4 Nf6 5. Nc3 a6 6. Bg5 Nbd7 7. Bc4 Qa5 8. Qd2 e6 9. O-O-O b5 10. Bb3 Bb7 11. Rhe1 O-O-O 12. a3 Be7 13. Kb1 Kb8 14. f3 Rc8 15. Be3 Ne5 16. Bf2 Nc4 17. Bxc4 Rxc4 18. Nb3 Qc7 19. Na2 Nd7 20. Qe3 Ne5 21. Qa7+ Kc8 22. Bb6 Qb8 23. Na5 1/2-1/2

[Event "Cordoba Open"]
[Site "Cordoba ARG"]
[Date "1995.??.??"]
[Round "?"]
[White "Becerra Rivero, Julio"]
[Black "Rodriguez Lopez, Rafael"]
[Result "1-0"]
[WhiteElo "2490"]
[BlackElo "2300"]
[PlyCount "53"]
[EventDate "1995.01.??"]
[Source "www.chesslib.no"]
[SourceDate "2004.05.04"]

1. e4 c5 2. Nf3 d6 3. d4 cxd4 4. Nxd4 Nf6 5. Nc3 a6 6. Bg5 Nbd7 7. f4 Qc7 8. Qf3 b5 9. O-O-O Bb7 10. Bd3 e6 11. a3 Be7 12. Rhe1 b4 13. axb4 Qb6 14. Bc4 Qxb4 15. Bxe6 fxe6 16. Nxe6 Kf7 17. Qh3 Nb6 18. Rd4 Nc4 19. b3 Bc8 20. f5 Qa3+ 21. Kd1 Nb6 22. Bc1 Qa5 23. b4 Qa1 24. Ng5+ Kg8 25. e5 dxe5 26. Rxe5 Bf8 27. Ra5 1-0

[Event "POL Ch 40th"]
[Site "Piotrkow Trybunalski"]
[Date "1983.02.14"]
[Round "3"]
[White "Pinkas, Kazimierz"]
[Black "Kiedrowicz, Jan"]
[Result "1-0"]
[WhiteElo "2405"]
[BlackElo "2385"]
[PlyCount "55"]
[EventDate "1983.02.12"]
[Source "www.chesslib.no"]
[SourceDate "2004.05.04"]

1. e4 c5 2. Nf3 d6 3. d4 cxd4 4. Nxd4 Nf6 5. Nc3 a6 6. Bg5 Nbd7 7. f4 Qb6 8. Nb3 h6 9. Bxf6 Nxf6 10. Qd2 e6 11. O-O-O Qc7 12. Qd4 b6 13. Be2 Bb7 14. Kb1 Be7 15. Bf3 b5 16. Rhg1 O-O-O 17. a4 b4 18. Na2 e5 19. Qa7 d5 20. fxe5 Nd7 21. Bg4 dxe4 22. Rd4 h5 23. Bh3 Rh6 24. Rgd1 Re6 25. Bxe6 fxe6 26. Nxb4 Nb8 27. Rxd8+ Bxd8 28. Nc5 1-0

[Event "XVIII Camp. europeo U18"]
[Site "Herceg Novi MNE"]
[Date "2008.09.19"]
[Round "5.10"]
[White "Nabaty, Tamir"]
[Black "Burg, Twan"]
[Result "1-0"]
[WhiteElo "2431"]
[BlackElo "2359"]
[PlyCount "103"]
[EventDate "2008.09.15"]
[Source "www.chesslib.no"]
[SourceDate "2004.05.04"]

1. e4 c5 2. Nf3 d6 3. d4 cxd4 4. Nxd4 Nf6 5. Nc3 a6 6. Bg5 Nbd7 7. Qd2 h6 8. Bh4 e6 9. Bg3 Nh5 10. Be2 Nxg3 11. hxg3 Qc7 12. O-O-O b5 13. Bxb5 axb5 14. Ndxb5 Qb6 15. Nxd6+ Bxd6 16. Qxd6 Qxd6 17. Rxd6 Ke7 18. Rhd1 Rd8 19. a4 Bb7 20. b4 Nf6 21. Rxd8 Rxd8 22. Rxd8 Kxd8 23. f3 Nd7 24. Kd2 Ne5 25. Ke3 Nc4+ 26. Kd4 Na3 27. Kd3 f5 28. exf5 exf5 29. Nd1 Bc6 30. b5 Bd5 31. Ne3 Be6 32. c4 Kc7 33. Kc3 g5 34. f4 Nb1+ 35. Kd4 Nd2 36. a5 Kb7 37. a6+ Kb6 38. c5+ Ka7 39. c6 Kb6 40. Ke5 gxf4 41. gxf4 Bc4 42. Nxc4+ Nxc4+ 43. Kxf5 Ne3+ 44. Ke6 Nxg2 45. a7 Nxf4+ 46. Kd6 Kxa7 47. c7 Kb7 48. Kd7 h5 49. c8=Q+ Ka7 50. Qc7+ Ka8 51. b6 Nd5 52. Qa7# 1-0

[Event "Minsk"]
[Site "?"]
[Date "2006.07.10"]
[Round "1"]
[White "Azarov Sergei"]
[Black "Viarbitski Dzmitry"]
[Result "1-0"]
[WhiteElo "2579"]
[BlackElo "2207"]
[PlyCount "53"]
[EventDate "2006.??.??"]
[Source "www.chesslib.no"]
[SourceDate "2004.05.04"]

1. e4 c5 2. Nf3 d6 3. d4 cxd4 4. Nxd4 Nf6 5. Nc3 a6 6. Bg5 Nbd7 7. Bc4 Qa5 8. Qd2 e6 9. O-O-O b5 10. Bb3 b4 11. Nd5 exd5 12. Nc6 Qb5 13. exd5 Ne5 14. Rhe1 Nfd7 15. f4 f6 16. Bh4 a5 17. Nd4 Qb6 18. Ba4 Kf7 19. Ne6 Ng6 20. Bf2 Nc5 21. Nxc5 dxc5 22. d6 Nxf4 23. Qxf4 g6 24. d7 Bb7 25. Bb3+ Kg7 26. Re6 Qd8 27. Bh4 1-0